Countries That Contain M - Statistics

General Stats
  • This quiz has been taken 295 times
  • The average score is 42 of 54
Answer Stats
Answer % Correct
Morocco
95%
Mexico
93%
Mali
90%
Macedonia
88%
Madagascar
88%
Malta
88%
Monaco
88%
Montenegro
88%
Maldives
87%
Malaysia
86%
Marshall Islands
86%
Mauritania
86%
Mauritius
83%
Moldova
83%
Oman
83%
Myanmar
82%
San Marino
82%
Dominican Republic
81%
Mongolia
81%
Mozambique
81%
Malawi
80%
Belgium
79%
Panama
79%
UAE
79%
UK
79%
Yemen
79%
Zambia
79%
USA
78%
Zimbabwe
78%
Cambodia
77%
Dominica
77%
Namibia
77%
Armenia
76%
Jamaica
76%
Somalia
76%
The Gambia
76%
Cameroon
75%
Luxembourg
75%
Denmark
74%
Samoa
74%
Colombia
73%
Suriname
73%
Bahamas
72%
Germany
72%
Guatemala
71%
Romania
70%
Turkmenistan
70%
Comoros
68%
Micronesia
68%
Sao Tome and Principe
67%
Solomon Islands
67%
Democratic Republic of Congo
65%
Vietnam
65%
East Timor
49%
No matching quizzes found
Score Distribution
Percent of People with Each Score
Percentile by Number Answered
Your Score History
You have not taken this quiz